| 000 | 00611nam a22001577a 4500 | ||
|---|---|---|---|
| 005 | 20120404124818.0 | ||
| 020 |
_a0195655346 _c00.00 |
||
| 035 | _aB-28156 | ||
| 037 |
_aDPL _bENG |
||
| 100 |
_aKawashima, Koji _944768 |
||
| 245 |
_aMissionaries and a Hindu state Travancore 1858-1936 / _cby Koji Kawashima |
||
| 260 |
_aNew Delhi _bOxford University Press _c1998 |
||
| 300 |
_axi, 252p. _c18 cms. |
||
| 942 |
_2ddc _cEN _h280.66083 _mKAW |
||
| 999 |
_c64699 _d64699 |
||